Normal view
MARC view
Entry Personal Name
001 - CONTROL NUMBER
- control field: 93107
003 - CONTROL NUMBER IDENTIFIER
- control field: OSt
005 - DATE AND TIME OF LATEST TRANSACTION
- control field: 20220918200210.0
008 - FIXED-LENGTH DATA ELEMENTS
- fixed length control field: 220918|| aca||aabn | a|a d
040 ## - CATALOGING SOURCE
- Original cataloging agency: OSt
- Transcribing agency: OSt
100 ## - HEADING--PERSONAL NAME
- Personal name: Sharif Al Idrisi
670 ## - SOURCE DATA FOUND
- Source citation: Work cat.: (OSt)211534: Sharif Al Idrisi, Indian and neighbouring territories in the Kitab Nuzhat al Musht aq Fikhtir aq al af aq tr by S Maqbul Ahmad, 1960
